America's foreign relations /

Bibliographic Details
Main Author: Johnson, Willis Fletcher, 1857-1931
Format: Book
Language:English
Published: New York : The Century co., 1916.
Subjects:

MARC

Tag First Indicator Second Indicator Subfields
LEADER 00000cam a2200000 4500
001 in00000067623
005 20151007083827.0
008 721129s1916 nyu 00000 eng u
010 |a  16009786  
035 |a (OCoLC)00503045 
035 |9 AAF9929AM 
040 |c WSU  |d TXA  |d UtOrBLW 
049 |a TXAM  |c 1  |v 1 [6044] 2  |v 2 [A08350472] 
050 0 |a JX1407  |b .J6 
092 |a 327.73  |b J71 
100 1 |a Johnson, Willis Fletcher,  |d 1857-1931. 
245 1 0 |a America's foreign relations /  |c by Willis Fletcher Johnson ... with portraits ... 
264 1 |a New York :  |b The Century co.,  |c 1916. 
300 |a 2 volumes ports. (including frontispiece) ;  |c 23 cm. 
336 |a text  |b txt  |2 rdacontent 
337 |a unmediated  |b n  |2 rdamedia 
338 |a volume  |b nc  |2 rdacarrier 
651 0 |a United States  |x Foreign relations. 
999 |a MARS 
999 f f |s 9d50c1c4-5b07-33ff-bbfd-560971eca128  |i ffc66cd8-5ae5-3b4c-b3c3-3b643bc167cf  |t 0 
952 f f |p ric  |a Texas A&M University  |b Rellis Campus  |c Joint Library Facility  |d Remote Storage  |t 0  |e JX1407 J6  |h Library of Congress classification  |i unmediated -- volume  |k v.1  |m A14800678452 
952 f f |p ric  |a Texas A&M University  |b Rellis Campus  |c Joint Library Facility  |d Remote Storage  |t 0  |e JX1407 J6  |h Library of Congress classification  |i unmediated -- volume  |k v.2  |m A14808350472 
998 f f |a JX1407 J6  |s v.1-v.2  |t 0  |l Remote Storage